[Event "Collado Villalba Grupo Gallinero op 1st"]
[Site "Collado Villalba"]
[Date "2022.08.13"]
[Round "2"]
[White "Ruano Marco, Javier"]
[Black "Vara Del Bosque, Daniel"]
[Result "1-0"]
[WhiteElo "2174"]
[BlackElo "1684"]
[PlyCount "119"]
[EventDate "2022.08.12"]
[EventType "swiss"]
[EventRounds "9"]
[EventCountry "ESP"]
[SourceTitle "CBM 210 Extra"]
[Source "ChessBase"]
[SourceDate "2022.11.30"]
[SourceVersion "1"]
[SourceVersionDate "2022.11.30"]
[SourceQuality "1"]

1. e4 c5 2. d3 g6 3. g3 Bg7 4. Bg2 Nc6 5. c3 d6 6. f4 e5 7. Nf3 Nge7 8. 0-0 0-0 9. Be3 exf4 10. gxf4 Bg4 11. Nbd2 b6 12. h3 Bh5 13. Qe1 d5 14. Bf2 d4 15. c4 Bh6 16. Bg3 Nb4 17. Qb1 Qc7 18. a3 Nbc6 19. Nh2 f5 20. b4 cxb4 21. axb4 fxe4 22. Nxe4 Nf5 23. b5 Nxg3 24. Nxg3 Bxf4 25. Rxf4 Qxf4 26. Nxh5 Qe3+ 27. Kh1 Ne5 28. Bxa8 Nxd3 29. Bd5+ Kh8 30. Ra2 Nf2+ 31. Rxf2 Qxf2 32. Qg1 gxh5 33. Nf3 Qxg1+ 34. Kxg1 Rf4 35. Kf2 h4 36. Ke2 Kg7 37. Kd3 Kf6 38. Nxd4 Rf1 39. Nc6 Ra1 40. Ke4 a6 41. bxa6 Rxa6 42. Nd4 Ra4 43. Kf4 h5 44. Nb5 Ra1 45. Nd6 Rf1+ 46. Ke3 Rb1 47. Kd4 Rb2 48. Nc8 Rb3 49. Bc6 Ke6 50. Bb5 Rxh3 51. Nxb6 Kd6 52. Be8 Rb3 53. c5+ Kc7 54. Nd5+ Kd8 55. Bxh5 h3 56. c6 Rg3 57. c7+ Kc8 58. Bf7 Rg7 59. Be6+ Rd7 60. Bxh3 1-0

[Event "Merida World Heritage op 1st"]
[Site "Merida"]
[Date "2021.08.07"]
[Round "7"]
[White "Lopez de Turiso, Jose Angel"]
[Black "Vara Del Bosque, Daniel"]
[Result "1-0"]
[WhiteElo "1943"]
[BlackElo "1680"]
[PlyCount "51"]
[EventDate "2021.08.04"]
[EventType "swiss"]
[EventRounds "9"]
[EventCountry "ESP"]
[SourceTitle "EXT 2023"]
[Source "ChessBase"]
[SourceDate "2022.10.05"]
[SourceVersion "1"]
[SourceVersionDate "2022.10.05"]
[SourceQuality "1"]

1. d4 Nf6 2. c4 b6 3. Nc3 Bb7 4. Bg5 e6 5. e3 Bb4 6. Rc1 h6 7. Bh4 g5 8. Bg3 h5 9. f3 d5 10. Qa4+ Nc6 11. a3 Bxc3+ 12. Rxc3 Qd7 13. Bd3 h4 14. Bf2 g4 15. fxg4 Nxg4 16. cxd5 Nxf2 17. Kxf2 Nxd4 18. Qxd7+ Kxd7 19. exd4 Bxd5 20. Be2 Rag8 21. Bf3 Rg5 22. Bxd5 exd5 23. Nf3 Rf5 24. Rhc1 Rc8 25. h3 Kd6 26. Rc6+ 1-0

[Event "Merida World Heritage op 1st"]
[Site "Merida"]
[Date "2021.08.06"]
[Round "4"]
[White "Gallego Pereira, Javier"]
[Black "Vara Del Bosque, Daniel"]
[Result "0-1"]
[WhiteElo "1217"]
[BlackElo "1680"]
[PlyCount "98"]
[EventDate "2021.08.04"]
[EventType "swiss"]
[EventRounds "9"]
[EventCountry "ESP"]
[SourceTitle "EXT 2023"]
[Source "ChessBase"]
[SourceDate "2022.10.05"]
[SourceVersion "1"]
[SourceVersionDate "2022.10.05"]
[SourceQuality "1"]

1. d4 Nf6 2. Bf4 b6 3. Nf3 Bb7 4. e3 g6 5. h3 Bg7 6. Be2 0-0 7. 0-0 d6 8. c4 Nfd7 9. Nc3 e5 10. Bh2 e4 11. Nd2 f5 12. f3 exf3 13. Bxf3 Nc6 14. Qa4 Ndb8 15. Kh1 Qd7 16. b4 Nd8 17. Qxd7 Nxd7 18. Bxb7 Nxb7 19. Nd5 c5 20. Nb3 Nf6 21. Nxf6+ Bxf6 22. bxc5 dxc5 23. Rad1 Rac8 24. dxc5 Nxc5 25. Nxc5 bxc5 26. Rd7 Rf7 27. Rfd1 Re8 28. Rxf7 Kxf7 29. Bd6 Rd8 30. Rd5 Be7 31. Bc7 Rxd5 32. cxd5 c4 33. Ba5 Bc5 34. g3 Bxe3 35. Kg2 Bc5 36. Kf3 Ke7 37. Bc7 Bd6 38. Ba5 Be5 39. Bb4+ Kd7 40. g4 c3 41. Ke3 fxg4 42. hxg4 h5 43. gxh5 gxh5 44. Ba3 h4 45. Bc1 h3 46. Kf3 Kd6 47. Be3 a6 48. Bc1 Kxd5 49. Be3 Kc4 0-1

[Event "Coin op"]
[Site "Coin"]
[Date "2021.04.02"]
[Round "4"]
[White "Diaz Mino, Daniel"]
[Black "Vara Del Bosque, Daniel"]
[Result "1-0"]
[WhiteElo "1979"]
[BlackElo "1668"]
[PlyCount "103"]
[EventDate "2021.04.01"]
[EventType "swiss"]
[EventRounds "7"]
[EventCountry "ESP"]
[SourceTitle "EXT 2022"]
[Source "ChessBase"]
[SourceDate "2021.10.06"]
[SourceVersion "1"]
[SourceVersionDate "2021.10.06"]
[SourceQuality "1"]

1. e4 c6 2. d4 d5 3. exd5 cxd5 4. Nf3 Bg4 5. h3 Bxf3 6. Qxf3 Nc6 7. c3 e6 8. Bd3 Bd6 9. 0-0 Qc7 10. Re1 Nge7 11. Nd2 0-0 12. Qh5 g6 13. Qh4 Nf5 14. Bxf5 exf5 15. Nf3 f6 16. Bd2 g5 17. Qh5 Qf7 18. Qxf7+ Kxf7 19. Kf1 Rae8 20. Re2 Kg6 21. Ne1 Re4 22. Nc2 Rfe8 23. Rae1 f4 24. f3 Rxe2 25. Rxe2 Rxe2 26. Kxe2 b5 27. Kd3 Kf5 28. b3 Ke6 29. c4 a6 30. Bc3 h5 31. Bd2 f5 32. Be1 g4 33. Bd2 Ne7 34. c5 Bc7 35. Nb4 a5 36. Na6 Bd8 37. Bxf4 Nc6 38. a3 b4 39. a4 Kd7 40. Nb8+ Nxb8 41. Bxb8 Kc6 42. Ke3 Bg5+ 43. Bf4 Bh4 44. Bh6 Bg3 45. Bg5 Bc7 46. hxg4 hxg4 47. fxg4 fxg4 48. Be7 Kd7 49. Bd6 Bd8 50. Kf4 Bh4 51. Kxg4 Bf2 52. Be5 1-0